000 00487nam a2200181Ia 4500
001 9023
005 20260306160653.0
008 260306t2016||||xx |||||||||||||| ||spa||
041 _aESP
082 _a372.35
_bH22
100 _aHarlen, Wynne
_eAUT
245 0 _aPrincipios y grandes ideas para la educación en ciencias:
_bcompetencias de ciencias en la escuela
260 _c2016
300 _a137 páginas :
_c24 cm.
650 _aGEN
654 _aCED
942 _cLIB
_dJUS
_fJUS
_2ddc
_n
999 _c9023
_d9023